000 00782nam a2200229Ii 4500
003 JO-AjNU
008 230605s9999||||xx |||||||||||||| ||und||
017 _a2003/4349
020 _a9959-29-086-7
040 _aJO-AjNU
_bara
_erda
_cJO-AjNU
041 _aara
050 1 4 _aPJ7760.I153.Z74 2004
100 3 _aجبران،محمد مسعود تحقيق ودراسة,
_eauthor
_924477
245 0 0 _aالجوالات من الشعر مالك بن المرحل الأندلسي 604هـ - 699هـ
250 _aط1
264 3 1 _aبيروت:دار المدار الإسلامي،2003
300 _a174ص
336 _atext
_btxt
_2rdacontent
337 _aunmediated
_bn
_2rdamedia
338 _avolume
_bnc
_2rdacarrier
650 4 _aالشعر العربي-الأندلس
_924478
999 _aA9021
_c12589
_d12589